Organisation and management

Bibliographic Details
Main Author: Inman, Mark Lee
Format: Book
Published: London : Financial Taining , 1983
Subjects:

MARC

LEADER 00000cam a2200000 7i4500
001 0000009032
005 20161027.0
020 |a 0906322383 
040 |a INS 
090 0 0 |a HD31   |b I56 1983 
100 1 |a Inman, Mark Lee 
245 1 0 |a Organisation and management   |c by Mark Lee Inman 
260 |a London :   |b Financial Taining ,   |c 1983 
300 |a 246p ;   |c 26cm. 
650 0 0 |a Management 
650 0 0 |a Organization 
999 |a 0000024080   |b BOOK   |c Open Shelf   |e Default branch